ARRUPE JESUIT UNIVERSITY

CORONAVIRUS -STOP THE SPREAD - CLEAN,DISINFECT,COVER

Common veld and pasture grasses of Natal / (Record no. 120733)

MARC details
000 -LEADER
fixed length control field 01083cam a2200313 i 4500
001 - CONTROL NUMBER
control field 4144939
003 - CONTROL NUMBER IDENTIFIER
control field ARRUPE
005 - DATE AND TIME OF LATEST TRANSACTION
control field 20140612131414.0
008 - FIXED-LENGTH DATA ELEMENTS--GENERAL INFORMATION
fixed length control field 771206s1976 sa a b 000 0 eng
010 ## - LIBRARY OF CONGRESS CONTROL NUMBER
LC control number 77372103
015 ## - NATIONAL BIBLIOGRAPHY NUMBER
National bibliography number SA76
020 ## - INTERNATIONAL STANDARD BOOK NUMBER
International Standard Book Number 0869853260 :
Terms of availability R5.50
040 ## - CATALOGING SOURCE
Original cataloging agency DLC
Transcribing agency DLC
Modifying agency DLC
043 ## - GEOGRAPHIC AREA CODE
Geographic area code f-sa---
050 00 - LIBRARY OF CONGRESS CALL NUMBER
Classification number SB202.S6
Item number T34
082 00 - DEWEY DECIMAL CLASSIFICATION NUMBER
Classification number 633/.2/009684
300 ## - PHYSICAL DESCRIPTION
Other physical details ill. ;
Dimensions 21 cm.
100 1# - MAIN ENTRY--PERSONAL NAME
Personal name Tainton, Neil Melbourne.
9 (RLIN) 10913
245 10 - TITLE STATEMENT
Title Common veld and pasture grasses of Natal /
Statement of responsibility, etc N. M. Tainton, D. I. Bransby, [and] P. de V. Booysen.
260 ## - PUBLICATION, DISTRIBUTION, ETC. (IMPRINT)
Place of publication, distribution, etc Pietermaritzburg :
Name of publisher, distributor, etc Shuter and Shooter,
Date of publication, distribution, etc 1976.
300 ## - PHYSICAL DESCRIPTION
Extent [x], 198 p. :
504 ## - BIBLIOGRAPHY, ETC. NOTE
Bibliography, etc Bibliography: p. 198.
650 #0 - SUBJECT ADDED ENTRY--TOPICAL TERM
Topical term or geographic name as entry element Grasses
Geographic subdivision South Africa
-- KwaZulu-Natal
Form subdivision Identification.
9 (RLIN) 10914
650 #0 - SUBJECT ADDED ENTRY--TOPICAL TERM
Topical term or geographic name as entry element Grasslands
Geographic subdivision South Africa
-- KwaZulu-Natal.
9 (RLIN) 10915
650 #0 - SUBJECT ADDED ENTRY--TOPICAL TERM
Topical term or geographic name as entry element Pastures
Geographic subdivision South Africa
-- KwaZulu-Natal.
9 (RLIN) 10916
700 1# - ADDED ENTRY--PERSONAL NAME
Personal name Bransby, D. I.,
Relator term joint author.
9 (RLIN) 10917
700 1# - ADDED ENTRY--PERSONAL NAME
Personal name Booysen, P. de V.,
Relator term joint author.
9 (RLIN) 10918
906 ## - LOCAL DATA ELEMENT F, LDF (RLIN)
a 7
b cbc
c orignew
d 4
e ncip
f 19
g y-gencatlg
942 ## - ADDED ENTRY ELEMENTS (KOHA)
Source of classification or shelving scheme Library of Congress Classification
Koha item type SPC
Holdings
Withdrawn status Lost status Source of classification or shelving scheme Damaged status Not for loan Collection code Home library Current library Shelving location Date acquired Total Checkouts Full call number Barcode Date last seen Price effective from Koha item type
    Library of Congress Classification     SPECIAL Collection ARRUPE LIBRARY ARRUPE LIBRARY Main Collection 12/06/2014   SPC SB202.S6 T34 46500000515 12/06/2014 12/06/2014 SPC

 

Arrupe Library. PO Box MP320 Mt Pleasant, Harare, Zimbabwe
263 242 745411|librarian@aju.ac.zw